Click to Complete the Song Title - Body Parts - Statistics

General Stats
  • This quiz has been taken 2,311 times
  • The average score is 13 of 15
Answer Stats
Hint Extra Hint Explanation Answer % Correct
Poker ___ Lady Gaga Face
99%
___ of the Tiger Survivor Eye
99%
I Want To Hold Your ___ The Beatles Hand
98%
My ___ Will Go On Céline Dion Heart
98%
Rudolph, the Red-____d Reindeer Gene Autry Nose
98%
(I Just) Died in Your ___ Cutting Crew Arms
94%
World Shut Your ___ Julian Cope Mouth
91%
___loose Kenny Loggins Foot
89%
The Last Shot Ringing in My ___ Snow Patrol Ears
87%
___ Damage Pink Floyd Brain
86%
(Anesthesia) Pulling ___ Metallica Teeth
81%
Whip My ___ Willow Smith Hair
68%
Death on Two ___ Queen Legs
64%
___ Machine Pixies Bone
59%
Under My ___ The Rolling Stones Thumb
56%
No matching quizzes found
Score Distribution
Percent of People with Each Score
Percentile by Number Answered
Your Score History
You have not taken this quiz